<?xml version="1.0" encoding="UTF-8"?>
<record
    xmlns:xsi="http://www.w3.org/2001/XMLSchema-instance"
    xsi:schemaLocation="http://www.loc.gov/MARC21/slim http://www.loc.gov/standards/marcxml/schema/MARC21slim.xsd"
    xmlns="http://www.loc.gov/MARC21/slim">

  <leader>00937nam a22001937a 4500</leader>
  <controlfield tag="005">20250731105923.0</controlfield>
  <datafield tag="010" ind1=" " ind2=" ">
    <subfield code="a">HIN-130081</subfield>
  </datafield>
  <datafield tag="020" ind1=" " ind2=" ">
    <subfield code="a">9789391441050</subfield>
    <subfield code="c">450.00</subfield>
  </datafield>
  <datafield tag="035" ind1=" " ind2=" ">
    <subfield code="a">HN-102427</subfield>
  </datafield>
  <datafield tag="037" ind1=" " ind2=" ">
    <subfield code="b">DBAD</subfield>
  </datafield>
  <datafield tag="082" ind1=" " ind2=" ">
    <subfield code="a">&#x915;</subfield>
  </datafield>
  <datafield tag="245" ind1=" " ind2=" ">
    <subfield code="a">&#x92D;&#x93E;&#x930;&#x924; &#x915;&#x940; &#x932;&#x94B;&#x915; &#x915;&#x925;&#x93E;&#x92F;&#x947;&#x902;:</subfield>
    <subfield code="c">&#x921;&#x949;. &#x938;&#x902;&#x91C;&#x940;&#x935; &#x915;&#x941;&#x92E;&#x93E;&#x930; &#x926;&#x94D;&#x935;&#x93E;&#x930;&#x93E; &#x92A;&#x94D;&#x930;&#x938;&#x94D;&#x924;&#x941;&#x924;&#x93F;</subfield>
    <subfield code="b">&#x91A;&#x93E;&#x930; &#x926;&#x930;&#x935;&#x947;&#x936;/</subfield>
  </datafield>
  <datafield tag="250" ind1=" " ind2=" ">
    <subfield code="a">&#x92A;&#x94D;&#x930;&#x925;&#x92E;</subfield>
  </datafield>
  <datafield tag="260" ind1=" " ind2=" ">
    <subfield code="a">&#x928;&#x94B;&#x90F;&#x921;&#x93E;</subfield>
    <subfield code="b">&#x907;&#x902;&#x921;&#x93F;&#x92F;&#x93E; &#x928;&#x947;&#x91F;&#x92C;&#x941;&#x915;&#x94D;&#x938; &#x92A;&#x94D;&#x930;&#x93E;&#x907;&#x935;&#x947;&#x91F; &#x932;&#x93F;&#x92E;&#x93F;&#x91F;&#x947;&#x921;</subfield>
    <subfield code="c">2021</subfield>
  </datafield>
  <datafield tag="270" ind1=" " ind2=" ">
    <subfield code="b">&#x928;&#x94B;&#x90F;&#x921;&#x93E;</subfield>
    <subfield code="a">&#x938;&#x940;-122, &#x938;&#x947;&#x915;&#x94D;&#x91F;&#x930; 19, &#x928;&#x94B;&#x90F;&#x921;&#x93E;, &#x917;&#x94C;&#x924;&#x92E;&#x92C;&#x941;&#x926;&#x94D;&#x927; &#x928;&#x917;&#x930; (&#x90F;&#x928;. &#x938;&#x940;. &#x906;&#x930;. &#x926;&#x93F;&#x932;&#x94D;&#x932;&#x940; )</subfield>
    <subfield code="k">201301</subfield>
    <subfield code="m">indianetbooks@gmail.com</subfield>
  </datafield>
  <datafield tag="300" ind1=" " ind2=" ">
    <subfield code="a">278 &#x92A;&#x943;. </subfield>
    <subfield code="c">21.6 &#x938;&#x947;.&#x92E;&#x940;.(&#x905;&#x91C;&#x93F;&#x932;&#x94D;&#x926;)</subfield>
  </datafield>
  <datafield tag="700" ind1=" " ind2=" ">
    <subfield code="a">&#x938;&#x902;&#x91C;&#x940;&#x935; &#x915;&#x941;&#x92E;&#x93E;&#x930;</subfield>
    <subfield code="9">83516</subfield>
  </datafield>
  <datafield tag="942" ind1=" " ind2=" ">
    <subfield code="2">ddc</subfield>
    <subfield code="c">HN</subfield>
    <subfield code="h">&#x915;</subfield>
    <subfield code="m">&#x92D;&#x93E;&#x930;&#x924;</subfield>
  </datafield>
  <datafield tag="999" ind1=" " ind2=" ">
    <subfield code="c">212736</subfield>
    <subfield code="d">212736</subfield>
  </datafield>
  <datafield tag="952" ind1=" " ind2=" ">
    <subfield code="0">0</subfield>
    <subfield code="1">0</subfield>
    <subfield code="4">0</subfield>
    <subfield code="7">0</subfield>
    <subfield code="8">NFIC</subfield>
    <subfield code="a">ZLS</subfield>
    <subfield code="b">ZLS</subfield>
    <subfield code="d">2025-07-31</subfield>
    <subfield code="e">DBAD</subfield>
    <subfield code="g">450.00</subfield>
    <subfield code="l">0</subfield>
    <subfield code="o">&#x915; &#x92D;&#x93E;&#x930;&#x924;</subfield>
    <subfield code="p">HN-102427</subfield>
    <subfield code="r">2025-07-31 00:00:00</subfield>
    <subfield code="t">1</subfield>
    <subfield code="v">450.00</subfield>
    <subfield code="w">2025-07-31</subfield>
    <subfield code="y">HN</subfield>
  </datafield>
</record>
